Vista normal
Vista MARC
Entrada Personal Name
Número de registros utilizados en: 7
001 - CONTROL NUMBER
- control field: 3054
003 - CONTROL NUMBER IDENTIFIER
- control field: OSt
005 - DATE AND TIME OF LATEST TRANSACTION
- control field: 20230915225512.0
008 - FIXED-LENGTH DATA ELEMENTS
- fixed length control field: 230915|| aca||aabn | a|a d
040 ## - CATALOGING SOURCE
- Original cataloging agency: OSt
- Transcribing agency: OSt
100 ## - HEADING--PERSONAL NAME
- Personal name: Sambucy, A. de
670 ## - SOURCE DATA FOUND
- Source citation: Work cat.: (OSt)16876: Sambucy, A. de, Masaje vertebral : , 1994